| 000 | 00500nam a2200193Ia 4500 | ||
|---|---|---|---|
| 008 | 170705s9999 xx 000 0 und d | ||
| 020 | _a9780545108584 | ||
| 245 | _aDragon of the red dawn / | ||
| 245 | _cby Mary Pope Osborne ; illustrated by Sal Murdocca. | ||
| 260 | _aNew York : | ||
| 260 | _bScholastic, | ||
| 260 | _c2007 | ||
| 300 | _a108 pages : | ||
| 300 | _billustrations ; | ||
| 300 | _c19cm. | ||
| 440 | _aMagic tree house : a merlin mission ; | ||
| 440 | _v37 | ||
| 500 | _a580 | ||
| 999 |
_c337085 _d337085 |
||